Pflanzliche Thioredoxine und ihre Funktionen /

Bibliographic Details
Main Author: Herlyn, Erich
Format: Thesis Book
Language:German
Language Notes:Summary in English.
Published: Hannover : [publisher not identified], 1994.

MARC

Tag First Indicator Second Indicator Subfields
LEADER 00000cam a2200000Ka 4500
001 in00004530673
005 20191205081729.0
008 950922s1994 gw a bm 000 0 ger d
035 |a (OCoLC)ocm33188464 
035 |a (OCoLC)33188464 
035 |z (UtOrBLW)62781 
035 |a 90064 
040 |a IWA  |b eng  |c IWA  |d AGL  |d OCLCQ  |d UtOrBLW 
049 |a TMVM 
072 0 |a F200 
082 0 4 |a 636.089  |2 20 
100 1 |a Herlyn, Erich. 
245 1 0 |a Pflanzliche Thioredoxine und ihre Funktionen /  |c von Erich Herlyn. 
264 1 |a Hannover :  |b [publisher not identified],  |c 1994. 
300 |a 144 pages :  |b illustrations ;  |c 21 cm. 
336 |a text  |2 rdacontent  |b txt 
337 |a unmediated  |2 rdamedia 
338 |a volume  |2 rdacarrier  |b nc 
502 |b doctoral  |c Tier arztliche Hochschule Hannover  |d 1994. 
546 |a Summary in English. 
504 |a Includes bibliographical references (pages 11-138). 
999 |a MARS 
999 f f |s d56d1e49-4905-3ec5-8ce3-f7d8efcf68b4  |i af95b7a9-dd37-3813-b6db-3d60f3cf3e6f  |t 0 
952 f f |p preservation  |a Texas A&M University  |b J.J. Pickle Campus  |c High Density Repository  |d Remote Storage  |t 0  |e German dissertations  |h Other scheme  |i unmediated -- volume  |m 3238902456829 
998 f f |a German dissertations  |t 0  |l Remote Storage